| 000 | 00816nam a22002417a 4500 | ||
|---|---|---|---|
| 999 |
_c15017 _d15017 |
||
| 003 | AR-CdUCM | ||
| 008 | 190405b ||||| |||| 00| 0 spa d | ||
| 020 | _a956-239-134-5 | ||
| 040 |
_aMUNICIPALIDAD PROVINCIAL DEL CUSCO _cBIBLIOTECA MUNICIPAL DEL CUSCO |
||
| 082 |
_aEP / 803 / _bF47 |
||
| 100 |
_aFieischman, Sid. _934021 |
||
| 245 | _aLa maravillosa granja de McBroom / | ||
| 260 |
_aChile : _bAlfaguara infantil y juvenil, _bGrupo Santillana, _c2002. |
||
| 300 |
_a107 paginas ; _bIlustraciones, graficos, dibujos, _c20 cm. |
||
| 500 | _aCuento | ||
| 505 | _aContenido :La maravillosa granja de McBroom. | ||
| 650 |
_aCuentos _9217 |
||
| 650 |
_aLiteratura _983 |
||
| 650 |
_aTexto Educativo _925832 |
||
| 700 |
_aBlake, Quentin (ilustraciones) _934022 |
||
| 942 |
_2ddc _cLIBROS |
||
| 945 |
_arum _d2019-04-25 |
||